00932nam a22002055i 4500001000700000003000900007005001700016008004100033100003800074245020700112250002700319260005600346300002200402530003500424650002800459650002700487700002700514852009600541856008900637159403ES-MaACL20230906211602.0010417s1895 sp |||| | spa d1 aMendoza, Antonio c(científico)10aTratamiento de la difteria por el suero de la sangre de caballos inmunizados : bprocedimiento Behring-Roux : memoria presentada al... ministro de la Gobernación / cpor A. Mendoza y M. Sanz Bombín. aPublicación oficial. aMadrid : b[s.n.], c1895 (fImp. de Ricardo Rojas) a136 p. ; c26 cm. aDisponible en formato digital. 4aDifteria-xTratamiento. 4aSuero antidiftérico.1 aSanz Bombín, Manuel.4 aES-MaACLjT-836-F-9 z- Enc. hol., conservando cub. originalz- Enc. en un vol. facticio4 uhttp://bdh-rd.bne.es/viewer.vm?id=0000117584&page=1 zBiblioteca Digital Hispánica